000 01076nmc a2200349 a 4500
003 AR-BaBNM
005 20251128203244.0
008 011101s1986 ||||||||||||||000 | spa||
020 _a84-7046-141-9
040 _cAR-BaBNM
100 1 _aVillar Angulo, Luis Miguel
245 1 0 _aEnfoque modular de la enseñanza
_bel autoperfeccionamiento del profesor
_n1
250 _a3ª ed.
260 _aBogotá
_bCincel-Kapelusz
_c1986
300 0 _a183 p.
_btablas
490 0 _aDiálogos en educación
_vv. 2
504 _aBibliografía al final de cada capítulo
650 4 _aENSENANZA
650 4 _aDIDACTICA
650 4 _aTAXONOMIA
650 4 _aAUTOEVALUACION
650 4 _aPARTICIPACION DEL ALUMNO
650 4 _aROL DEL DOCENTE
650 4 _aRELACION ALUMNO-DOCENTE
650 4 _aPERFECCIONAMIENTO DEL DOCENTE
700 1 _aLópez-Arenas González, José Manuel
700 1 _aArbués, Andrés Esteban
700 1 _aVillar Angulo, Luis Miguel
_edirector
800 1 _aRodríguez Diéguez, José Luis
_eeditor
_ecoordinador
942 _cBK
998 _cMarce
999 _c2592
_d2592